01224cam a2200337 a 450000500170000000800410001702000150005804000120007304100080008504300120009304400070010510000400011224501220015225000580027426000610033230000440039350500200043750500450045750500220050250500360052450500320056050500290059250500300062150500390065150500370069050500280072765000360075565000130079170000350080470000470083920170126172104.0970817r1997 ck a r 00011dspa d a9583002658 ala cla0 aspa as-ck--- ack aArciniegas, Triunfo, d1957-eautor10aCaperucita Roja y otras historias perversas / cTriunfo Arciniegas ; ilustraciones Alexis Forero Valderrama (Alekos). a2a. ed. / bedición Juan Carlos González Espitia. aSanta fe de Bogotá : bPanamericana Editorial, c1997. a146 paginasbilustracionesc22 x 13 cm. aCaperucita roja aFábula de la pequeña bella durmiente aLos tres cerditos aEl sapito que comía princesas aEl señor de la barba azul aLa princesa y las pulgas aEl secreto de la princesa aEl país de las bellas durmientes aLa princesa, el gato y el diablo aEl caballo del principe14aCuentos infantiles colombianos.14aFantasia0 aAlekos, d1953-, eilustrador.1 aGonzález Espitia, Juan Carlos, eeditor.